| 000 | 00756cam a2200217 a 4500 | ||
|---|---|---|---|
| 020 | _a9781420042962 (hardcover : alk. paper) | ||
| 020 | _a1420042963 (hardcover : alk. paper) | ||
| 040 | _cDLC | ||
| 082 | 0 | 0 | _a333 TAY 2008 C101 Or. |
| 245 | 0 | 0 |
_aLand use change : _bscience, policy, and management / |
| 260 |
_aBoca Raton, FL : _bCRC Press, _cc2008. |
||
| 300 |
_axxvii, 185 p., [16] p. of plates : _bill. (some col.), maps (some col.) ; _c25 cm. |
||
| 650 | 0 | _aLand use | |
| 650 | 0 | _aLand use | |
| 650 | 0 | _aLand use | |
| 700 | 1 | _aAspinall, Richard, | |
| 700 | 1 | _aHill, Michael J., | |
| 856 | 4 | 1 | _uhttp://www.loc.gov/catdir/toc/ecip0722/2007027752.html |
| 856 | 4 | 2 | _uhttp://www.loc.gov/catdir/enhancements/fy0826/2007027752-d.html |
| 942 | _cAEDBB | ||
| 999 |
_c20737 _d20737 |
||